Miasta w Polsce zakończone na -a na mapie - Statystyki

Ogólne statystyki
  • Ten quiz został rozwiązany 84 razy
  • Średni wynik to 72 z 184
Odpowiedzi na mapie
Odpowiedzi zakodowano w zielono-czerwonej skali na mapie do tego quizu, zgodnie z poniższymi procentami.
 
Statystyki odpowiedzi
Województwo Miasto % Poprawnych
Mazowieckie Warszawa
94%
Pomorskie Gdynia
92%
Lubuskie Zielona Góra
86%
Opolskie Biała
77%
Śląskie Częstochowa
77%
Warmińsko-mazurskie Iława
76%
Dolnośląskie Jelenia Góra
74%
Lubelskie Biała Podlaska
73%
Śląskie Bielsko-Biała
73%
Podlaskie Łomża
71%
Dolnośląskie Oława
71%
Wielkopolskie Piła
71%
Pomorskie Ustka
71%
Dolnośląskie Legnica
70%
Mazowieckie Mława
70%
Pomorskie Reda
70%
Pomorskie Jastarnia
68%
Pomorskie Krynica Morska
68%
Mazowieckie Ostrołęka
68%
Pomorskie Rumia
68%
Podkarpackie Stalowa Wola
65%
Pomorskie Łeba
64%
Opolskie Nysa
64%
Warmińsko-mazurskie Ostróda
64%
Śląskie Dąbrowa Górnicza
62%
Śląskie Ruda Śląska
62%
Podkarpackie Dębica
61%
Podlaskie Hajnówka
61%
Małopolskie Wieliczka
59%
Dolnośląskie Bogatynia
58%
Mazowieckie Ostrów Mazowiecka
58%
Łódzkie Rawa Mazowiecka
58%
Dolnośląskie Góra
56%
Warmińsko-mazurskie Nidzica
56%
Małopolskie Bochnia
55%
Lubelskie Włodawa
55%
Dolnośląskie | Świętokrzyskie Oleśnica
53%
Świętokrzyskie Skarżysko-Kamienna
53%
Dolnośląskie Środa Śląska
52%
Wielkopolskie Środa Wielkopolska
52%
Łódzkie Zduńska Wola
52%
Kujawsko-pomorskie Brodnica
50%
Pomorskie Kościerzyna
50%
Dolnośląskie Świdnica
50%
Wielkopolskie Września
50%
Małopolskie Dąbrowa Tarnowska
48%
Małopolskie Limanowa
48%
Śląskie Wisła
48%
Lubuskie Wschowa
48%
Podlaskie Dąbrowa Białostocka
47%
Dolnośląskie Kamienna Góra
47%
Podkarpackie Kolbuszowa
47%
Dolnośląskie Trzebnica
47%
Warmińsko-mazurskie Biała Piska
44%
Zachodniopomorskie Cedynia
44%
Łódzkie Łęczyca
44%
Warmińsko-mazurskie Lubawa
44%
Mazowieckie Góra Kalwaria
42%
Mazowieckie Iłża
42%
Małopolskie Kalwaria Zebrzydowska
42%
Śląskie Pszczyna
42%
Podlaskie Sokółka
42%
Dolnośląskie Szklarska Poręba
42%
Kujawsko-pomorskie Tuchola
42%
Podlaskie Czarna Białostocka
41%
Mazowieckie Konstancin-Jeziorna
41%
Lubelskie Łęczna
41%
Małopolskie Muszyna
41%
Dolnośląskie Nowa Ruda
41%
Łódzkie Warta
41%
Mazowieckie Zielonka
41%
Dolnośląskie Bystrzyca Kłodzka
39%
Wielkopolskie Kłodawa
39%
Warmińsko-mazurskie Ruciane-Nida
39%
Małopolskie Sucha Beskidzka
39%
Dolnośląskie Złotoryja
39%
Małopolskie Alwernia
38%
Wielkopolskie Słupca
38%
Mazowieckie Warka
38%
Świętokrzyskie Włoszczowa
38%
Łódzkie Biała Rawska
36%
Dolnośląskie Bielawa
36%
Pomorskie Kobylnica
36%
Warmińsko-mazurskie Orneta
36%
Małopolskie Trzebinia
36%
Lubuskie Iłowa
35%
Dolnośląskie Jaworzyna Śląska
35%
Świętokrzyskie Kazimierza Wielka
35%
Mazowieckie Kobyłka
35%
Kujawsko-pomorskie Kruszwica
35%
Mazowieckie Podkowa Leśna
35%
Małopolskie Skawina
35%
Małopolskie Szczawnica
35%
Śląskie Blachownia
33%
Podkarpackie Boguchwała
33%
Kujawsko-pomorskie Chełmża
33%
Pomorskie Czarna Woda
33%
Lubelskie Izbica
33%
Wielkopolskie Murowana Goślina
33%
Kujawsko-pomorskie Nieszawa
33%
Wielkopolskie Opalenica
33%
Mazowieckie Pilawa
33%
Śląskie Pilica
33%
Dolnośląskie Ścinawa
33%
Wielkopolskie Trzcianka
33%
Kujawsko-pomorskie Izbica Kujawska
32%
Dolnośląskie Lubawka
32%
Małopolskie Mszana Dolna
32%
Podkarpackie Nowa Dęba
32%
Lubuskie Szlichtyngowa
32%
Śląskie Kuźnia Raciborska
30%
Lubuskie Sława
30%
Dolnośląskie Sobótka
30%
Wielkopolskie | Zachodniopomorskie Dobra
29%
Mazowieckie Mogielnica
29%
Podkarpackie Nowa Sarzyna
29%
Mazowieckie Przysucha
29%
Lubuskie Skwierzyna
29%
Podlaskie Suchowola
29%
Podkarpackie Błażowa
27%
Lubelskie Kamionka
27%
Kujawsko-pomorskie Kcynia
27%
Dolnośląskie Leśna
27%
Świętokrzyskie Nowa Słupia
27%
Małopolskie Skała
27%
Dolnośląskie Szczytna
27%
Lubuskie Szprotawa
27%
Lubuskie Witnica
27%
Małopolskie Bobowa
26%
Lubelskie Bychawa
26%
Zachodniopomorskie Chojna
26%
Podkarpackie Dukla
26%
Lubuskie Łęknica
26%
Lubelskie Lubycza Królewska
26%
Wielkopolskie Miejska Górka
26%
Wielkopolskie Mosina
26%
Kujawsko-pomorskie Mrocza
26%
Lubelskie Poniatowa
26%
Świętokrzyskie Wiślica
26%
Kujawsko-pomorskie Gąsawa
24%
Dolnośląskie Głuszyca
24%
Lubuskie Gozdnica
24%
Lubuskie Kargowa
24%
Opolskie Leśnica
24%
Świętokrzyskie Morawica
24%
Dolnośląskie Niemcza
24%
Dolnośląskie Olszyna
24%
Podkarpackie Sieniawa
24%
Wielkopolskie Wysoka
24%
Podkarpackie Bircza
23%
Łódzkie Drzewica
23%
Podkarpackie Kańczuga
23%
Świętokrzyskie Koprzywnica
23%
Wielkopolskie Krajenka
23%
Wielkopolskie Krobia
23%
Dolnośląskie Piława Górna
23%
Wielkopolskie Pobiedziska
23%
Zachodniopomorskie Stepnica
23%
Lubuskie Cybinka
21%
Wielkopolskie Dobrzyca
21%
Wielkopolskie Golina
21%
Wielkopolskie Łobżenica
21%
Wielkopolskie Nekla
21%
Wielkopolskie Rydzyna
21%
Świętokrzyskie Stopnica
21%
Dolnośląskie Świerzawa
21%
Opolskie Byczyna
20%
Zachodniopomorskie Człopa
20%
Dolnośląskie Miękinia
20%
Wielkopolskie Osieczna
20%
Świętokrzyskie Pierzchnica
20%
Opolskie Praszka
20%
Dolnośląskie Twardogóra
20%
Świętokrzyskie Bogoria
18%
Świętokrzyskie Iwaniska
18%
Lubelskie Końskowola
18%
Śląskie Poręba
18%
Łódzkie Kiernozia
17%
Wielkopolskie Pogorzela
17%
Łódzkie Rozprza
17%
Mazowieckie Siennica
17%
Lubelskie Wąwolnica
17%
Nie znaleziono quizów pasujących do podanych kryteriów
Rozkład punktacji
Procent ludzi z każdym wynikiem
Percentyl według liczby udzielonych odpowiedzi
Twoja historia wyników
Nie rozwiązałeś tego quizu